[Event "I Open Ciutat de Sueca 2015"]
[Site "Sueca ESP"]
[Date "2015.07.29"]
[Round "3.3"]
[White "Montalban Galvez, Antoni"]
[Black "Montoliu Cervero, Francisco"]
[Result "1/2-1/2"]
[WhiteElo "2186"]
[BlackElo "2335"]
[PlyCount "150"]
[EventDate "2015.07.27"]
[EventType "swiss"]
[EventRounds "8"]
[EventCountry "ESP"]
[SourceTitle "Ajedrez en Madrid"]
[Source "lmi"]
[SourceDate "2015.05.27"]

1. d4 d5 2. c4 c6 3. Nf3 Nf6 4. Qc2 e6 5. Bg5 Be7 6. e3 O-O 7. Nc3 b6 8. Bd3 h6
9. Bf4 Bb7 10. O-O a6 11. Rfd1 Nbd7 12. h3 Rc8 13. Qe2 dxc4 14. Bxc4 b5 15. Bb3
Nd5 16. Bg3 Nxc3 17. bxc3 Qa5 18. c4 bxc4 19. Bxc4 c5 20. Rab1 Nb6 21. Ne5 cxd4
22. Rxd4 Bf6 23. Rd6 Bxe5 24. Rdxb6 Be4 25. Rxa6 Qc5 26. Rb5 Qxc4 27. Qxc4 Rxc4
28. Rxe5 Bd5 29. Ra5 f6 30. Rexd5 exd5 31. Rxd5 Rc1+ 32. Kh2 Ra8 33. Rd2 Ra1
34. h4 R1xa2 35. Rxa2 Rxa2 36. Kg1 Kf7 37. Bc7 Ke6 38. g3 Kf5 39. Kg2 Kg4 40.
Bd6 h5 41. Be7 Kf5 42. Kf3 Ra4 43. Bc5 g5 44. hxg5 fxg5 45. Bd4 g4+ 46. Kg2 Ke4
47. Bc5 Kd3 48. Bb6 Ke2 49. Bc5 Ra5 50. Bd4 Rd5 51. Bb6 Rf5 52. e4 Re5 53. Bd4
Rxe4 54. Bb6 Rb4 55. Bc5 Rb2 56. Bd4 Ra2 57. Bc5 Kd3 58. Bb6 Ke4 59. Bc5 Kd5
60. Bb6 Ra3 61. Bc7 Rb3 62. Bf4 Ke6 63. Bg5 Rd3 64. Bf4 Kf5 65. Bc7 Rc3 66. Bb6
Ke4 67. Ba7 h4 68. gxh4 Rh3 69. Be3 Kf5 70. Bg5 Kg6 71. Be7 Kh5 72. Bd8 Rd3 73.
Bf6 Rb3 74. Be7 g3 75. f3 Kg6 1/2-1/2

[Event "I Open Ciutat de Sueca 2015"]
[Site "Sueca ESP"]
[Date "2015.07.29"]
[Round "3.4"]
[White "Suba, Mihai"]
[Black "Galvan, Jesus"]
[Result "0-1"]
[WhiteElo "2322"]
[BlackElo "2216"]
[PlyCount "120"]
[EventDate "2015.07.27"]
[EventType "swiss"]
[EventRounds "8"]
[EventCountry "ESP"]
[SourceTitle "Ajedrez en Madrid"]
[Source "lmi"]
[SourceDate "2015.05.27"]

1. c4 e5 2. Nc3 Nc6 3. g3 Bc5 4. e3 d6 5. a3 a6 6. Bg2 Ba7 7. Nge2 h5 8. h3 h4
9. g4 f5 10. gxf5 Bxf5 11. d3 Qd7 12. b4 Nf6 13. Bb2 Rb8 14. Rc1 O-O 15. Nd5
Nd8 16. Nec3 Nh7 17. Ne4 Qf7 18. Qf3 Kh8 19. Rg1 Ne6 20. Bf1 Rbd8 21. c5 c6 22.
Nxd6 Rxd6 23. cxd6 Nhg5 24. Rxg5 Nxg5 25. Qg2 Bxh3 26. Qxg5 Qxf2+ 27. Kd1 Qxf1+
28. Kc2 Qg2+ 29. Qxg2 Bxg2 30. Ne7 Kh7 31. Bxe5 Bxe3 32. Re1 Bf2 33. Re2 h3 34.
d4 Bh4 35. Bh2 Bf6 36. Kc3 Rd8 37. Rf2 Rd7 38. Rf5 Bxe7 39. dxe7 Rxe7 40. Kd2
Kg6 41. Re5 Rf7 42. Ke2 Rf3 43. Re3 Rf1 44. Re7 b5 45. Be5 Ra1 46. Rxg7+ Kf5
47. Rf7+ Ke4 48. Rf4+ Kd5 49. Rf8 Ra2+ 50. Ke3 Rxa3+ 51. Kf2 Ra4 52. Ra8 Kc4
53. Bd6 Kxd4 54. Ra7 Kc4 55. Kg1 Rxb4 56. Rxa6 Ra4 57. Rb6 b4 58. Rb8 b3 59.
Kh2 c5 60. Be7 Rb4 0-1

[Event "I Open Ciutat de Sueca 2015"]
[Site "Sueca ESP"]
[Date "2015.07.29"]
[Round "3.5"]
[White "Cortes Marti, Javier"]
[Black "Diaz Velandia, Jose Manuel"]
[Result "1/2-1/2"]
[WhiteElo "2081"]
[BlackElo "2315"]
[PlyCount "168"]
[EventDate "2015.07.27"]
[EventType "swiss"]
[EventRounds "8"]
[EventCountry "ESP"]
[SourceTitle "Ajedrez en Madrid"]
[Source "lmi"]
[SourceDate "2015.05.27"]

1. d4 f5 2. c4 Nf6 3. Nc3 g6 4. e3 Bg7 5. Bd3 O-O 6. Nf3 d6 7. O-O Nc6 8. Qb3
e5 9. dxe5 dxe5 10. Rd1 Qe7 11. e4 f4 12. Nd5 Qc5 13. Qb5 Qxb5 14. cxb5 Nxd5
15. bxc6 Nb6 16. cxb7 Bxb7 17. b3 Rfe8 18. a4 a5 19. Ba3 Bf6 20. Rac1 Rad8 21.
Bb5 Rxd1+ 22. Rxd1 Rb8 23. Nd2 Rd8 24. f3 Kf7 25. Bb2 c6 26. Be2 Bc8 27. Bc3
Be7 28. Bxe5 Bb4 29. Bxf4 Be6 30. Nf1 Rc8 31. Rb1 c5 32. Ba6 Ra8 33. Bb7 Ra7
34. Bc6 c4 35. bxc4 Nxc4 36. Ne3 Nxe3 37. Bxe3 Rc7 38. Bb5 Rc2 39. Rc1 Ra2 40.
Bg5 Bd6 41. f4 Bb8 42. Rc6 Ba7+ 43. Kf1 Rf2+ 44. Ke1 Bd4 45. Rc7+ Kg8 46. Re7
Bb3 47. Rd7 Bb6 48. Rb7 Bd4 49. Bh6 Rxg2 50. Rb8+ Kf7 51. Be8+ Ke7 52. Bg5+
Rxg5 53. fxg5 Bc4 54. Bb5 Be6 55. Rb7+ Kd6 56. Ke2 Ke5 57. Kd3 Bc5 58. Rxh7 Ba2
59. Rc7 Bd6 60. Rc1 Be6 61. Rc6 Bb4 62. Bc4 Bh3 63. Rxg6 Bf1+ 64. Ke3 Bxc4 65.
h4 Bc5+ 66. Kf3 Bb3 67. Rc6 Be7 68. Ra6 Bd1+ 69. Kg3 Bb4 70. g6 Be1+ 71. Kh3
Bxa4 72. h5 Bd2 73. g7 Bb3 74. h6 Bg8 75. Ra8 Be6+ 76. Kg2 Bxh6 77. Rxa5+ Kf6
78. Ra6 Bxg7 79. Kf3 Bf8 80. Ke3 Bh6+ 81. Kd4 Bf4 82. Ra8 Be5+ 83. Ke3 Bc7 84.
Ra6 Ke5 1/2-1/2

[Event "I Open Ciutat de Sueca 2015"]
[Site "Sueca ESP"]
[Date "2015.07.29"]
[Round "3.6"]
[White "Garcia Fernandez, Carlos"]
[Black "Alberola Mulet, Jairo"]
[Result "1-0"]
[WhiteElo "2312"]
[BlackElo "2185"]
[PlyCount "55"]
[EventDate "2015.07.27"]
[EventType "swiss"]
[EventRounds "8"]
[EventCountry "ESP"]
[SourceTitle "Ajedrez en Madrid"]
[Source "lmi"]
[SourceDate "2015.05.27"]

1. e4 Nc6 2. Nf3 f5 3. exf5 d5 4. d4 Bxf5 5. Bd3 Bg4 6. h3 Bh5 7. g4 Bg6 8.
Bxg6+ hxg6 9. Bf4 e6 10. Qe2 Qd7 11. Nbd2 O-O-O 12. O-O-O Bd6 13. Be5 Nf6 14.
c3 Bxe5 15. Nxe5 Nxe5 16. Qxe5 Qf7 17. Rde1 Rde8 18. Qe3 Nd7 19. f4 g5 20. fxg5
e5 21. Ref1 exd4 22. Qxd4 Qg6 23. Rf5 Nb6 24. Qf2 d4 25. Qxd4 Rd8 26. Qe4 Qd6
27. Qf4 Qd3 28. Rf7 1-0

[Event "I Open Ciutat de Sueca 2015"]
[Site "Sueca ESP"]
[Date "2015.07.29"]
[Round "3.7"]
[White "Ferrer Berenguer, Ligorio"]
[Black "Cruz Lledo, Pablo"]
[Result "0-1"]
[WhiteElo "2056"]
[BlackElo "2299"]
[PlyCount "170"]
[EventDate "2015.07.27"]
[EventType "swiss"]
[EventRounds "8"]
[EventCountry "ESP"]
[SourceTitle "Ajedrez en Madrid"]
[Source "lmi"]
[SourceDate "2015.05.27"]

1. c4 c6 2. Nc3 d5 3. cxd5 cxd5 4. d4 Nc6 5. Bf4 Nf6 6. e3 a6 7. h3 Bf5 8. Bd3
Bxd3 9. Qxd3 e6 10. Nf3 Be7 11. O-O Nd7 12. Rfe1 O-O 13. Rac1 Rc8 14. e4 dxe4
15. Nxe4 Nf6 16. Nc3 Qa5 17. a3 Rfd8 18. Rcd1 Nd5 19. Bd2 Nxc3 20. Bxc3 Qd5 21.
Ne5 Bf6 22. f4 Bxe5 23. fxe5 Rd7 24. Re4 Rcd8 25. Rh4 h6 26. Qg3 Ne7 27. Rf4
Nf5 28. Qf2 g5 29. Rf3 Rc8 30. g4 Nh4 31. Rf6 Kg7 32. Rf1 Rcc7 33. Qg3 Ng6 34.
Kh2 Qe4 35. Re1 Qc2+ 36. Rf2 Qb3 37. Re3 Qd1 38. Rd2 Qa4 39. Rf3 Qc6 40. Rff2
b5 41. Bb4 Qc1 42. Qg1 Qxg1+ 43. Kxg1 Nf4 44. Kh2 Rc4 45. Bc5 Rc1 46. Rc2 Rd1
47. Rfd2 Re1 48. Bd6 Rd8 49. Rc6 Re3 50. Rc3 Rxc3 51. bxc3 Rc8 52. Bc5 Nd5 53.
Rd3 Rc6 54. Kg3 Nf4 55. Rf3 Ng6 56. Bb4 Rc4 57. Kf2 Nf4 58. h4 Nd5 59. hxg5
hxg5 60. Ke2 Rc8 61. Kd3 Nf4+ 62. Kc2 Rh8 63. Kb3 Rh1 64. Rg3 Rb1+ 65. Kc2 Rf1
66. Kb3 Nd5 67. Bc5 Rb1+ 68. Kc2 Re1 69. Kb3 Re3 70. Rxe3 Nxe3 71. Kb4 Nxg4 72.
d5 exd5 73. Ka5 Nxe5 74. Kxa6 Nc4 75. Kxb5 Kf6 76. a4 Ke5 77. a5 Nxa5 78. Kxa5
f5 79. Kb5 g4 80. Bg1 f4 81. c4 dxc4 82. Kxc4 Ke4 83. Kc3 Kf3 84. Kd3 g3 85.
Bb6 Kg2 0-1

[Event "I Open Ciutat de Sueca 2015"]
[Site "Sueca ESP"]
[Date "2015.07.29"]
[Round "3.8"]
[White "Frasquet Solbes, Elias"]
[Black "Mataix Arbona, Cesar"]
[Result "0-1"]
[WhiteElo "2171"]
[BlackElo "2064"]
[PlyCount "88"]
[EventDate "2015.07.27"]
[EventType "swiss"]
[EventRounds "8"]
[EventCountry "ESP"]
[SourceTitle "Ajedrez en Madrid"]
[Source "lmi"]
[SourceDate "2015.05.27"]

1. Nf3 Nf6 2. g3 d5 3. Bg2 Bf5 4. c4 Bxb1 5. Rxb1 c6 6. O-O e6 7. Qc2 Be7 8. d3
O-O 9. b4 Nbd7 10. Bb2 a5 11. a3 axb4 12. axb4 Qc7 13. Qb3 Rfc8 14. Rfc1 Qd6
15. Bc3 h6 16. Ra1 e5 17. Qb2 d4 18. Bd2 Qe6 19. Rxa8 Rxa8 20. Ra1 Rxa1+ 21.
Qxa1 b5 22. Qa8+ Kh7 23. c5 Nd5 24. h4 f5 25. Bh3 N7f6 26. Qa2 Ng4 27. Nh2 Bf6
28. Nxg4 fxg4 29. Bg2 Qd7 30. Be4+ Kg8 31. Qa8+ Kf7 32. h5 Bd8 33. Kg2 Bf6 34.
Bg6+ Ke7 35. Qg8 Nc7 36. Qh7 Ne6 37. Bf5 Qd5+ 38. Kh2 Nf8 39. Qh8 g6 40. Qxh6
gxf5 41. Bg5 Qf7 42. Bc1 Qh7 43. Qd2 Qxh5+ 44. Kg1 Qf7 0-1

[Event "I Open Ciutat de Sueca 2015"]
[Site "Sueca ESP"]
[Date "2015.07.29"]
[Round "3.9"]
[White "Crecente Penalba, Jose Manuel"]
[Black "Oltra Landete, Fidel"]
[Result "1-0"]
[WhiteElo "2153"]
[BlackElo "1906"]
[PlyCount "105"]
[EventDate "2015.07.27"]
[EventType "swiss"]
[EventRounds "8"]
[EventCountry "ESP"]
[SourceTitle "Ajedrez en Madrid"]
[Source "lmi"]
[SourceDate "2015.05.27"]

1. e4 c5 2. Nf3 e6 3. d4 cxd4 4. Nxd4 a6 5. Bd3 Qc7 6. O-O Nf6 7. Qe2 d6 8. c4
Nbd7 9. Nc3 Ne5 10. Kh1 h5 11. f3 b6 12. Be3 Bb7 13. Rac1 Qd8 14. Bg1 h4 15. h3
Nh5 16. Bh2 g5 17. Nd1 Bh6 18. Ne3 Bg7 19. Ng4 Ng6 20. Qe3 Ngf4 21. Ne2 Be5 22.
Nxe5 dxe5 23. Rfd1 Rc8 24. c5 Qe7 25. c6 Rxc6 26. Rxc6 Bxc6 27. Qxb6 Qb7 28.
Qxa6 Qxa6 29. Bxa6 O-O 30. Nxf4 exf4 31. Rd6 Ba8 32. Bg1 Ng3+ 33. Kh2 Rc8 34.
Rd1 Rb8 35. b3 Kh7 36. Bc5 Kg6 37. b4 Bc6 38. Kg1 Ra8 39. Bc4 Ba4 40. Rd2 Rb8
41. Rd6 Rc8 42. Ra6 Be8 43. Kf2 Rd8 44. Ke1 Rc8 45. a4 Bd7 46. a5 Rc7 47. Ra7
Rxa7 48. Bxa7 Bc6 49. b5 Bxe4 50. fxe4 Nxe4 51. Bd3 f5 52. Bxe4 fxe4 53. b6 1-0

[Event "I Open Ciutat de Sueca 2015"]
[Site "Sueca ESP"]
[Date "2015.07.29"]
[Round "3.10"]
[White "Moll Domenech, Andreu"]
[Black "Gomez Sanjuan, Hector Fernando"]
[Result "1/2-1/2"]
[WhiteElo "1886"]
[BlackElo "2032"]
[PlyCount "82"]
[EventDate "2015.07.27"]
[EventType "swiss"]
[EventRounds "8"]
[EventCountry "ESP"]
[SourceTitle "Ajedrez en Madrid"]
[Source "lmi"]
[SourceDate "2015.05.27"]

1. e4 Nf6 2. Nc3 d5 3. e5 Ne4 4. Nxe4 dxe4 5. d4 exd3 6. Bxd3 Nc6 7. Bf4 g6 8.
Bb5 Qxd1+ 9. Rxd1 Bg7 10. Nf3 O-O 11. Bxc6 bxc6 12. O-O Bg4 13. Rd3 Be6 14.
Rfd1 Bd5 15. b3 a5 16. c4 Bxf3 17. Rxf3 a4 18. g3 axb3 19. axb3 Ra5 20. Rd7
Bxe5 21. Bxe5 Rxe5 22. Rxc7 c5 23. Re3 Rxe3 24. fxe3 Rb8 25. Rxc5 Rxb3 26. Re5
Rc3 27. Rxe7 Rxc4 28. Rd7 Rc3 29. Re7 Kg7 30. Re4 Rc2 31. Rf4 f6 32. Rf2 Rc4
33. Kg2 Re4 34. Kf3 f5 35. h4 Kf6 36. Ra2 Re6 37. Ra7 h6 38. Rh7 h5 39. Rh8 Re4
40. Rf8+ Kg7 41. Rd8 Kf6 1/2-1/2

[Event "I Open Ciutat de Sueca 2015"]
[Site "Sueca ESP"]
[Date "2015.07.29"]
[Round "3.13"]
[White "Hurtado Oldridge, Felipe"]
[Black "Agullo Valcarcel, Carlos"]
[Result "1/2-1/2"]
[WhiteElo "2019"]
[BlackElo "1719"]
[PlyCount "54"]
[EventDate "2015.07.27"]
[EventType "swiss"]
[EventRounds "8"]
[EventCountry "ESP"]
[SourceTitle "Ajedrez en Madrid"]
[Source "lmi"]
[SourceDate "2015.05.27"]

1. e4 c5 2. Bc4 e6 3. Nc3 d6 4. Nf3 Be7 5. O-O Nf6 6. e5 dxe5 7. Nxe5 O-O 8. d3
a6 9. a4 Nbd7 10. Nf3 b6 11. Bg5 Bb7 12. Re1 Qc7 13. Qe2 Bd6 14. h3 Rae8 15.
Ne4 Nxe4 16. dxe4 Ne5 17. Nxe5 Bxe5 18. c3 a5 19. g3 h6 20. Bd2 Rd8 21. f4 Bf6
22. Rad1 Be7 23. Bb5 Ba8 24. Bc1 Qb7 25. Ba6 Qc6 26. Bb5 Qb7 27. Ba6 Qc6
1/2-1/2

[Event "I Open Ciutat de Sueca 2015"]
[Site "Sueca ESP"]
[Date "2015.07.29"]
[Round "3.14"]
[White "Espasa Marti, Francisco Jose"]
[Black "Bordes Ibanez, Juan"]
[Result "0-1"]
[WhiteElo "1835"]
[BlackElo "1997"]
[PlyCount "42"]
[EventDate "2015.07.27"]
[EventType "swiss"]
[EventRounds "8"]
[EventCountry "ESP"]
[SourceTitle "Ajedrez en Madrid"]
[Source "lmi"]
[SourceDate "2015.05.27"]

1. d4 Nf6 2. Nf3 e6 3. Bf4 c5 4. e3 Nc6 5. c3 d5 6. Nbd2 Qb6 7. Qc1 Bd7 8. Bd3
Rc8 9. O-O cxd4 10. exd4 Nb4 11. Bb1 Bb5 12. Re1 Nd3 13. Bxd3 Bxd3 14. Ne5 Bf5
15. h3 Be7 16. Ndf3 O-O 17. Nh4 Be4 18. f3 Bg6 19. Nhxg6 hxg6 20. Qc2 Qxd4+ 21.
Be3 Qxe5 0-1

[Event "I Open Ciutat de Sueca 2015"]
[Site "Sueca ESP"]
[Date "2015.07.29"]
[Round "3.15"]
[White "Cebrian Flores, Juan Antonio"]
[Black "Castello Castello, Juan Jose"]
[Result "1-0"]
[WhiteElo "1991"]
[BlackElo "1672"]
[PlyCount "111"]
[EventDate "2015.07.27"]
[EventType "swiss"]
[EventRounds "8"]
[EventCountry "ESP"]
[SourceTitle "Ajedrez en Madrid"]
[Source "lmi"]
[SourceDate "2015.05.27"]

1. d4 d5 2. c4 e6 3. Nf3 Nf6 4. g3 Nc6 5. Bg2 Bb4+ 6. Bd2 Bxd2+ 7. Nbxd2 O-O 8.
O-O Rb8 9. a3 a5 10. Qc2 Ne7 11. Rac1 c6 12. Rfd1 Ng6 13. e4 dxe4 14. Nxe4 Nxe4
15. Qxe4 Qf6 16. Qe1 Qd8 17. h4 h6 18. h5 Ne7 19. Qe5 Bd7 20. g4 Ra8 21. b3 Qb8
22. Qe3 f6 23. Rc3 Qd6 24. Qc1 Kh8 25. Rcd3 Be8 26. a4 Bf7 27. Qe3 Qd7 28. Nd2
f5 29. f3 Rad8 30. Qe5 Qd6 31. Qxa5 fxg4 32. fxg4 Qf4 33. Rf1 Qb8 34. Rdf3 Bg8
35. Qc5 Rxf3 36. Nxf3 Qd6 37. Qxd6 Rxd6 38. a5 g5 39. Re1 Kg7 40. b4 Rd7 41.
Kf2 Nc8 42. Ke3 Nd6 43. Ne5 Rc7 44. Ra1 Nc8 45. a6 bxa6 46. Rxa6 c5 47. dxc5
Ne7 48. Kd4 Rc8 49. b5 Rd8+ 50. Rd6 Rf8 51. c6 Rf4+ 52. Kc5 Kf6 53. Ng6 Rxg4
54. Nxe7 Kxe7 55. c7 e5 56. Bd5 1-0

[Event "I Open Ciutat de Sueca 2015"]
[Site "Sueca ESP"]
[Date "2015.07.29"]
[Round "3.16"]
[White "Galvan Cipriani, Viviana"]
[Black "Ramon Gualberto, Arturo"]
[Result "1/2-1/2"]
[WhiteElo "1698"]
[BlackElo "1968"]
[PlyCount "41"]
[EventDate "2015.07.27"]
[EventType "swiss"]
[EventRounds "8"]
[EventCountry "ESP"]
[SourceTitle "Ajedrez en Madrid"]
[Source "lmi"]
[SourceDate "2015.05.27"]

1. c4 Nf6 2. Nf3 g6 3. e3 Bg7 4. Be2 O-O 5. d3 d6 6. Nc3 e5 7. O-O c6 8. h3
Nbd7 9. e4 Nc5 10. Be3 Ne6 11. Qd2 Nh5 12. Rad1 Nd4 13. Na4 Nxe2+ 14. Qxe2 Nf4
15. Bxf4 exf4 16. Rb1 Qa5 17. Qc2 Qh5 18. Qe2 Qa5 19. Qc2 Qh5 20. Qe2 Qa5 21.
Qc2 1/2-1/2

[Event "I Open Ciutat de Sueca 2015"]
[Site "Sueca ESP"]
[Date "2015.07.29"]
[Round "3.17"]
[White "La Orden Gil, Javier"]
[Black "Raro Gualda, Javier"]
[Result "1-0"]
[WhiteElo "1967"]
[BlackElo "1658"]
[PlyCount "49"]
[EventDate "2015.07.27"]
[EventType "swiss"]
[EventRounds "8"]
[EventCountry "ESP"]
[SourceTitle "Ajedrez en Madrid"]
[Source "lmi"]
[SourceDate "2015.05.27"]

1. e4 e5 2. Nf3 Nc6 3. Bb5 a6 4. Ba4 Nf6 5. d3 d6 6. c3 g6 7. O-O Bg7 8. Re1
O-O 9. Nbd2 b5 10. Bc2 Re8 11. a4 b4 12. h3 bxc3 13. bxc3 d5 14. a5 Bd7 15. Nf1
Rb8 16. Bg5 dxe4 17. dxe4 Na7 18. Ne3 h6 19. Bh4 g5 20. Bg3 Nh5 21. Bxe5 Bxe5
22. Nxe5 Rxe5 23. Qxh5 Bc6 24. Qxh6 Ba8 25. Nd5 1-0

[Event "I Open Ciutat de Sueca 2015"]
[Site "Sueca ESP"]
[Date "2015.07.29"]
[Round "3.18"]
[White "Martin Ayala, David"]
[Black "Riddoch, Alan"]
[Result "1-0"]
[WhiteElo "1956"]
[BlackElo "1650"]
[PlyCount "67"]
[EventDate "2015.07.27"]
[EventType "swiss"]
[EventRounds "8"]
[EventCountry "ESP"]
[SourceTitle "Ajedrez en Madrid"]
[Source "lmi"]
[SourceDate "2015.05.27"]

1. e4 c5 2. Nc3 Nc6 3. f4 e6 4. Bc4 a6 5. a4 Qh4+ 6. g3 Qd8 7. Nf3 Nge7 8. d3
d5 9. Bb3 d4 10. Ne2 g6 11. O-O Bg7 12. g4 Bd7 13. Ng3 Na5 14. Ba2 Bxa4 15.
Bxe6 Bxc2 16. Bxf7+ Kxf7 17. Qxc2 Qc7 18. Ng5+ Kg8 19. Rxa5 b5 20. Bd2 Qc8 21.
f5 Be5 22. Rf3 h6 23. Ne6 Bd6 24. Ra1 g5 25. Nh5 Kf7 26. b4 Qb8 27. bxc5 Bxh2+
28. Kh1 Be5 29. Qb3 Ke8 30. f6 Ng6 31. Qd5 Ra7 32. Neg7+ Kf8 33. Bb4 a5 34.
Rxa5 1-0

[Event "I Open Ciutat de Sueca 2015"]
[Site "Sueca ESP"]
[Date "2015.07.29"]
[Round "3.19"]
[White "Rubio Tent, Pedro"]
[Black "Valdenebro Orihuel, Miguel"]
[Result "1-0"]
[WhiteElo "1665"]
[BlackElo "1951"]
[PlyCount "55"]
[EventDate "2015.07.27"]
[EventType "swiss"]
[EventRounds "8"]
[EventCountry "ESP"]
[SourceTitle "Ajedrez en Madrid"]
[Source "lmi"]
[SourceDate "2015.05.27"]

1. e4 c6 2. d4 d5 3. Nc3 e6 4. Nf3 Bb4 5. exd5 exd5 6. Bd2 Nf6 7. Bd3 O-O 8.
O-O Bg4 9. Re1 Qc7 10. a3 Bd6 11. h3 Bh5 12. Bg5 Nbd7 13. Qd2 Bxf3 14. gxf3 h6
15. Be3 Nh7 16. Kh1 f5 17. Bxh6 gxh6 18. Qxh6 Ndf6 19. Bxf5 Bf4 20. Qh4 Kh8 21.
Bxh7 Nxh7 22. Re7 Qxe7 23. Qxe7 Ng5 24. Rg1 Rae8 25. Qxb7 Rf7 26. Qxc6 Re6 27.
Qc8+ Kh7 28. Rxg5 1-0

[Event "I Open Ciutat de Sueca 2015"]
[Site "Sueca ESP"]
[Date "2015.07.29"]
[Round "3.20"]
[White "Sampedro Barrios, Pablo"]
[Black "Gordillo Garcia, Ignacio"]
[Result "1-0"]
[WhiteElo "1936"]
[BlackElo "1613"]
[PlyCount "125"]
[EventDate "2015.07.27"]
[EventType "swiss"]
[EventRounds "8"]
[EventCountry "ESP"]
[SourceTitle "Ajedrez en Madrid"]
[Source "lmi"]
[SourceDate "2015.05.27"]

1. e4 c5 2. c4 Nc6 3. Nc3 Nf6 4. g3 g6 5. Bg2 Bg7 6. Nge2 d6 7. O-O O-O 8. h3
Be6 9. d3 Qc8 10. Kh2 Ne8 11. f4 f5 12. Nd5 Bxd5 13. exd5 Nd4 14. Re1 Nc7 15.
Nxd4 Bxd4 16. Rxe7 Qd8 17. Re2 Qf6 18. Rb1 b5 19. b4 Rae8 20. bxc5 dxc5 21.
Rxe8 Rxe8 22. cxb5 Rd8 23. Qb3 Kg7 24. Bb2 Re8 25. Bxd4 Qxd4 26. Qb2 Rd8 27.
Qxd4+ cxd4 28. Rb4 Kf7 29. a4 Ne8 30. Rxd4 Nd6 31. Rb4 Rb8 32. Kg1 Ke7 33. Kf2
Kd7 34. Rb2 Rc8 35. Ke3 Rc3 36. Ra2 Rb3 37. Kd2 a5 38. bxa6 Rb6 39. Bf3 Rxa6
40. Bd1 Nb5 41. Bb3 Nc7 42. Kc3 Kd6 43. Bc4 Nxd5+ 44. Bxd5 Kxd5 45. a5 Kc5 46.
Re2 Rc6 47. Re5+ Kd6+ 48. Kb4 Rc1 49. Kb5 Rb1+ 50. Ka6 Kc6 51. d4 Rb8 52. Rc5+
Kd6 53. Ka7 Rb4 54. Rc8 Kd7 55. Rb8 Rxd4 56. Rb7+ Ke6 57. Rxh7 Rd5 58. a6 Rd6
59. Rb7 Kd5 60. Rb2 Rd7+ 61. Kb8 Kc6 62. Rb7 Rd8+ 63. Ka7 1-0

[Event "I Open Ciutat de Sueca 2015"]
[Site "Sueca ESP"]
[Date "2015.07.29"]
[Round "3.21"]
[White "Carbonell Sancho, Marc"]
[Black "Castillo Pla, Emilio"]
[Result "1/2-1/2"]
[WhiteElo "1656"]
[BlackElo "1934"]
[PlyCount "138"]
[EventDate "2015.07.27"]
[EventType "swiss"]
[EventRounds "8"]
[EventCountry "ESP"]
[SourceTitle "Ajedrez en Madrid"]
[Source "lmi"]
[SourceDate "2015.05.27"]

1. e4 d6 2. d4 Nf6 3. Bd3 g6 4. c3 Bg7 5. Ne2 O-O 6. O-O e5 7. Bg5 h6 8. Bh4 g5
9. Bg3 Nc6 10. f3 Nh5 11. Bf2 Nf4 12. d5 Ne7 13. g4 Nh3+ 14. Kg2 Nxf2 15. Kxf2
c6 16. dxc6 bxc6 17. Kg2 Rb8 18. b3 Ng6 19. Na3 d5 20. Nc2 Nf4+ 21. Nxf4 exf4
22. Nd4 Qb6 23. Bc2 c5 24. Ne2 dxe4 25. Bxe4 Bb7 26. Bxb7 Qxb7 27. Qc2 Rfe8 28.
Rad1 Re3 29. Rd3 Rbe8 30. Rxe3 Rxe3 31. Rf2 Qe7 32. Qd2 a5 33. c4 Bf6 34. h3
Kg7 35. Qd1 Qe6 36. Qc1 Qd6 37. Qb1 Rd3 38. Qe1 Rd1 39. Qxa5 Qe5 40. Qa8 Rd2
41. Qe4 Qb2 42. Kg1 Qxa2 43. Qe8 Qxb3 44. Qe4 Qe3 45. Qxe3 fxe3 46. Rg2 Rc2 47.
Ng3 Rc1+ 48. Kh2 Be5 49. Re2 Rxc4 50. Kg2 Bxg3 51. Kxg3 Rc3 52. f4 Rd3 53. Kf3
gxf4 54. Kxf4 Kf6 55. Rc2 Rd2 56. Rxc5 e2 57. Rf5+ Ke6 58. Re5+ Kd6 59. Re3 Kd5
60. Kf3 Kd4 61. Rxe2 Rxe2 62. Kxe2 Ke4 63. Kf2 Kf4 64. Kg2 f6 65. Kf2 f5 66.
gxf5 Kxf5 67. Kf3 Kg5 68. Kg3 h5 69. h4+ Kf5 1/2-1/2

[Event "I Open Ciutat de Sueca 2015"]
[Site "Sueca ESP"]
[Date "2015.07.29"]
[Round "3.22"]
[White "Gerona Maura, Jesus"]
[Black "Sanchis, Fernand"]
[Result "1-0"]
[WhiteElo "1931"]
[BlackElo "1525"]
[PlyCount "89"]
[EventDate "2015.07.27"]
[EventType "swiss"]
[EventRounds "8"]
[EventCountry "ESP"]
[SourceTitle "Ajedrez en Madrid"]
[Source "lmi"]
[SourceDate "2015.05.27"]

1. e4 e5 2. Nf3 Nc6 3. d4 exd4 4. Bc4 Bc5 5. c3 d6 6. cxd4 Bb4+ 7. Nc3 Bg4 8.
Qb3 Bh5 9. d5 Bxc3+ 10. Qxc3 Nce7 11. Qxg7 Ng6 12. Ng5 Qf6 13. Bb5+ Ke7 14.
Qxf6+ Nxf6 15. f3 Nf8 16. Bd2 h6 17. Nh3 a6 18. Bd3 Bg6 19. Nf4 N6d7 20. O-O
Ne5 21. Be2 Rc8 22. Rac1 c5 23. dxc6 Nxc6 24. Nd5+ Kd8 25. Bc3 Rg8 26. Nf6 Rh8
27. Rfd1 Rc7 28. Nd5 Rg8 29. Bf6+ Kc8 30. Nxc7 Kxc7 31. Be7 Ne6 32. Bxd6+ Kc8
33. Bxa6 Ned8 34. Be7 Kb8 35. Bxd8 Nxd8 36. Bb5 Rf8 37. Bd7 Ne6 38. Bxe6 fxe6
39. Rd7 Ka7 40. Rcc7 Rb8 41. Rg7 Be8 42. Rg8 Bc6 43. Rxb8 Kxb8 44. Rxc6 bxc6
45. Kf2 1-0

[Event "I Open Ciutat de Sueca 2015"]
[Site "Sueca ESP"]
[Date "2015.07.29"]
[Round "3.23"]
[White "Vila Tormo, Eduardo"]
[Black "Del Arco Gimeno, Juan"]
[Result "1-0"]
[WhiteElo "1622"]
[BlackElo "1894"]
[PlyCount "51"]
[EventDate "2015.07.27"]
[EventType "swiss"]
[EventRounds "8"]
[EventCountry "ESP"]
[SourceTitle "Ajedrez en Madrid"]
[Source "lmi"]
[SourceDate "2015.05.27"]

1. e4 d6 2. d4 c5 3. d5 Nf6 4. Nc3 g6 5. f4 Bg7 6. Nf3 a6 7. Be2 b5 8. e5 dxe5
9. fxe5 Ng4 10. Bf4 Qb6 11. h3 Nh6 12. d6 Bb7 13. dxe7 Nd7 14. Qd2 Nf5 15.
O-O-O Qe6 16. Ng5 Qxe7 17. Nd5 Bxd5 18. Qxd5 Rc8 19. e6 fxe6 20. Nxe6 Nd4 21.
Nxg7+ Qxg7 22. Bg4 Nf5 23. Rhe1+ Kd8 24. Bg5+ Kc7 25. Bf3 Rb8 26. Qc6# 1-0

[Event "I Open Ciutat de Sueca 2015"]
[Site "Sueca ESP"]
[Date "2015.07.29"]
[Round "3.24"]
[White "Bono Monreal, Alberto"]
[Black "Gutierrez Posada, David"]
[Result "1-0"]
[WhiteElo "1891"]
[BlackElo "1391"]
[PlyCount "51"]
[EventDate "2015.07.27"]
[EventType "swiss"]
[EventRounds "8"]
[EventCountry "ESP"]
[SourceTitle "Ajedrez en Madrid"]
[Source "lmi"]
[SourceDate "2015.05.27"]

1. e4 e6 2. d4 d5 3. Nd2 Nf6 4. e5 Nfd7 5. Bd3 c5 6. c3 Be7 7. Ne2 Nc6 8. Nf3
O-O 9. O-O f6 10. exf6 Nxf6 11. Re1 c4 12. Bb1 Qc7 13. Nf4 Ng4 14. h3 e5 15.
Nxd5 Qd6 16. Nxe7+ Qxe7 17. hxg4 Bxg4 18. Qc2 g6 19. Nxe5 Nxe5 20. Rxe5 Qh4 21.
Bg5 Qh5 22. Qd2 Bf3 23. Be4 Qg4 24. Bxf3 Rxf3 25. Qe2 Raf8 26. Be3 1-0

[Event "I Open Ciutat de Sueca 2015"]
[Site "Sueca ESP"]
[Date "2015.07.29"]
[Round "3.25"]
[White "Montoliu Costa, Francisco"]
[Black "Catala Alos, Jorge"]
[Result "0-1"]
[WhiteElo "1611"]
[BlackElo "1888"]
[PlyCount "42"]
[EventDate "2015.07.27"]
[EventType "swiss"]
[EventRounds "8"]
[EventCountry "ESP"]
[SourceTitle "Ajedrez en Madrid"]
[Source "lmi"]
[SourceDate "2015.05.27"]

1. e4 d5 2. exd5 Nf6 3. Nc3 Nxd5 4. Nf3 Nxc3 5. bxc3 Bg4 6. Bc4 e6 7. d4 c6 8.
O-O Nd7 9. Re1 Be7 10. Bf4 Nb6 11. Bb3 Nd5 12. Bd2 O-O 13. c4 Nf6 14. c3 Qc7
15. Bg5 Rad8 16. h3 Bh5 17. Qd3 h6 18. Bxf6 Bxf6 19. Ne5 Bxe5 20. Rxe5 Qxe5 21.
Bc2 Qf5 0-1